<?xml version="1.0" encoding="UTF-8"?><marc:collection xmlns:marc="http://www.loc.gov/MARC21/slim">
  <marc:record>
    <marc:leader>00000cas  2200000za 4500</marc:leader>
    <marc:controlfield tag="001">9.500867</marc:controlfield>
    <marc:controlfield tag="003">CaOODSP</marc:controlfield>
    <marc:controlfield tag="005">20260317150401</marc:controlfield>
    <marc:controlfield tag="007">cr |||||||||||</marc:controlfield>
    <marc:controlfield tag="008">150406c19809999quc x m o bs f0   b0fre|d</marc:controlfield>
    <marc:datafield tag="022" ind1=" " ind2=" ">
      <marc:subfield code="a">1488-545X</marc:subfield>
    </marc:datafield>
    <marc:datafield tag="040" ind1=" " ind2=" ">
      <marc:subfield code="a">CaOODSP</marc:subfield>
      <marc:subfield code="b">fre</marc:subfield>
    </marc:datafield>
    <marc:datafield tag="043" ind1=" " ind2=" ">
      <marc:subfield code="a">n-cn---</marc:subfield>
    </marc:datafield>
    <marc:datafield tag="086" ind1="1" ind2=" ">
      <marc:subfield code="a">Fs97-6F-PDF</marc:subfield>
    </marc:datafield>
    <marc:datafield tag="245" ind1="0" ind2="0">
      <marc:subfield code="a">Rapport technique canadien des sciences halieutiques et aquatiques </marc:subfield>
      <marc:subfield code="h">[ressource électronique]. </marc:subfield>
    </marc:datafield>
    <marc:datafield tag="260" ind1=" " ind2=" ">
      <marc:subfield code="a">[Québec] : </marc:subfield>
      <marc:subfield code="b">Pêches et Océans Canada, </marc:subfield>
      <marc:subfield code="c">[1980?]- </marc:subfield>
    </marc:datafield>
    <marc:datafield tag="310" ind1=" " ind2=" ">
      <marc:subfield code="a">Irrégulier</marc:subfield>
    </marc:datafield>
    <marc:datafield tag="500" ind1=" " ind2=" ">
      <marc:subfield code="a">Publi. aussi en anglais sous le titre : Canadian technical report of fisheries and aquatic sciences.</marc:subfield>
    </marc:datafield>
    <marc:datafield tag="520" ind1="3" ind2=" ">
      <marc:subfield code="a">Contient des renseignements scientifiques et techniques qui constituent une contribution aux connaissances scientifiques actuelles, mais qui ne sont pas normalement appropriés pour la publication dans un journal scientifique. La recherche porte sur des sujets tels que les modèles d’écosystème, les méthodes de mise en valeur de l’aquaculture, le matériel de pêche commerciale, et les menaces environnementales à la qualité des milieux aquatiques et des ressources halieutiques. Comprend des tableaux, des figures et des graphiques.</marc:subfield>
    </marc:datafield>
    <marc:datafield tag="546" ind1=" " ind2=" ">
      <marc:subfield code="a">Comprend un résumé en anglais.</marc:subfield>
    </marc:datafield>
    <marc:datafield tag="692" ind1="0" ind2="7">
      <marc:subfield code="2">gccst</marc:subfield>
      <marc:subfield code="a">Pêcheries</marc:subfield>
    </marc:datafield>
    <marc:datafield tag="692" ind1="0" ind2="7">
      <marc:subfield code="2">gccst</marc:subfield>
      <marc:subfield code="a">Biologie marine</marc:subfield>
    </marc:datafield>
    <marc:datafield tag="710" ind1="1" ind2=" ">
      <marc:subfield code="a">Canada. </marc:subfield>
      <marc:subfield code="b">Ministère des pêches et des océans.</marc:subfield>
    </marc:datafield>
    <marc:datafield tag="775" ind1="0" ind2="8">
      <marc:subfield code="t">Canadian technical report of fisheries and aquatic sciences </marc:subfield>
      <marc:subfield code="w">(CaOODSP)9.504449</marc:subfield>
    </marc:datafield>
    <marc:datafield tag="776" ind1="0" ind2="#">
      <marc:subfield code="t">Rapport technique canadien des sciences halieutiques et aquatiques </marc:subfield>
      <marc:subfield code="w">(CaOODSP)9.513015</marc:subfield>
    </marc:datafield>
  </marc:record>
</marc:collection>
